Schweizer Handball Nationalmannschaft EHF EURO 2024 - Statistiken

Allgemein
  • Dieses Quiz wurde 35 mal gespielt
  • Das Durchschnittsergebnis liegt bei 8 aus 17
Antwortstatistiken
Nummer Verein Antwort % Korrekt
16 SC Magdeburg Nikola Portner
87%
4 HSG Wetzlar Lenny Rubin
84%
2 HC Kriens-Luzern Andy Schmid
77%
8 ThSV Eisenach Manuel Zehnder
77%
29 TBV Lemgo Lippe Samuel Zehnder
77%
3 SC Magdeburg Lucas Meister
61%
20 Kadetten Schaffhausen Luka Maros
45%
9 Kadetten Schaffhausen Marvin Lier
45%
41 BSV Bern Felix Aellen
39%
23 TVB Stuttgart Lukas Laube
39%
44 Kadetten Schaffhausen Mehdi Ben Romdhane
39%
27 TSV Hannover-Burgdorf Maximilian Gerbl
35%
30 HSC Suhr Aarau Joël Willecke
32%
13 BSV Bern Michael Kusio
32%
12 TV Hüttenberg Leonard Grazioli
26%
15 Wacker Thun Nicolas Raemy
26%
6 Pfadi Winterthur Cédrie Tynowski
23%
Keine übereinstimmenden Quizze gefunden
Verteilung der Resultate
Anzahl Personen mit jedem Resultat
Perzentil nach korrekt beantworteten Fragen
Ihre Resultats-Entwicklung
Sie haben dieses Quiz noch nicht gespielt